Política exterior de México: 175 años de historia /
Enregistré dans:
| Auteur principal: | |
|---|---|
| Collectivités auteurs: | , |
| Format: | Texte |
| Publié: |
México, D.F:
BNCE
|
| Tags: |
Ajouter un tag
Pas de tags, Soyez le premier à ajouter un tag!
|
MARC
| LEADER | 00000 a a2200000 04500 | ||
|---|---|---|---|
| 001 | 23064 | ||
| 003 | |||
| 040 | |||
| 090 | |a 151700 | ||
| 100 | |a Sepúlveda Amor, Bernardo | ||
| 110 | |a Banco Nacional de Comercio Exterior | ||
| 245 | |a Política exterior de México: 175 años de historia / |c Banco Nacional de Comercio Exterior | ||
| 260 | |a México, D.F: |b BNCE | ||
| 300 | |a 234 p; vol. IV | ||
| 710 | |a Secretaría de Relaciones Exteriores | ||
| 999 | |c 14670 |d 14670 | ||
